| 000 | 00515nam a2200193Ia 4500 | ||
|---|---|---|---|
| 005 | 20250508161642.0 | ||
| 008 | 008 250505s9999 xx 000 0 eng d | ||
| 037 | _aTextual | ||
| 040 |
_aFEDL _beng _cFEDL |
||
| 041 |
_aeng _2eng |
||
| 084 |
_a535, GAR _qFEDL |
||
| 100 |
_aGarbuny Max _9771192 |
||
| 245 | 0 | _aOptical physics | |
| 250 | _aInternational Edition | ||
| 260 |
_aNew York, USA _bAcademic Press _c1965 |
||
| 300 | _axiii,466p | ||
| 942 |
_cTEXL _h535, GAR |
||
| 999 |
_c1371341 _d1371341 |
||